LEADER 01330nam0 22002891i 450 001 RML0301832 005 20231121125744.0 100 $a20121121d1974 ||||0itac50 ba 101 | $aita 102 $ait 181 1$6z01$ai $bxxxe 182 1$6z01$an 200 1 $aMovimenti religiosi nel Medioevo$ericerche sui nessi storici tra l'eresia, gli Ordini mendicandi e il movimento religioso femminile nel 12 e 13 secolo e sulle origini storiche della mistica tedesca$fHerbert Grundmann$gTraduzione di Maria Ausserhofer e Lea Nicolet Santini 210 $aBologna $cIl Mulino $dİ1974 215 $aVII,528 p.$d21 cm 225 | $aNuova collana storica 410 0$1001RML0331428$12001 $aNuova collana storica 700 1$aGrundmann$b, Herbert$3RMLV174477$0159261 801 3$aIT$bIT-01$c20121121 850 $aIT-FR0017 $aIT-RM0526 899 $aBiblioteca umanistica Giorgio Aprea$bFR0017 899 $aBiblioteca dell?Istituto Centrale per il Patrimonio Immateriale$bRM0526 912 $aRML0301832 950 0$aBiblioteca umanistica Giorgio Aprea$d 52CIS 11/1325$e 52VM 0000719225 VM barcode:00063132. - Inventario:5417 MAGVM$fA $h20071206$i20121204 977 $a 52$a 58 996 $aMovimenti religiosi nel Medioevo$9217793 997 $aUNICAS